| 000 | 00625nab a2200181 4500 | ||
|---|---|---|---|
| 001 | 244442 | ||
| 003 | OSt | ||
| 005 | 20250130102713.0 | ||
| 007 | tu | ||
| 008 | 200917s2020||||||| | ||
| 040 |
_aDE-2950 _cDE-2950 |
||
| 245 | 0 | 0 |
_aDrei Tote bei Wohnungsbrand _bTragödie. Bei einem der folgenreichsten Brände der vergangenen Jahre in Frankfurt kamen am Dienstagabend im Pflaumenweg zwei Frauen und ein Mann ums Leben/ _cThomas Gutke |
| 264 | _c2024 | ||
| 653 | _aFrankfurt (Oder) | ||
| 653 | _aWohnungsbrand | ||
| 773 | 0 |
_g36. Jahrgang (2025) Nr. 25 vom 30.01.2025, S. 13, 15 mit Foto _tMärkische Oderzeitung |
|
| 942 |
_2z _cA |
||
| 999 |
_c373596 _d373596 |
||